Shirim / (Record no. 32118)

MARC details
000 -LEADER
fixed length control field 00660cam a22002291 4500
001 - CONTROL NUMBER
control field he 67000223
003 - CONTROL NUMBER IDENTIFIER
control field DLC
005 - DATE AND TIME OF LATEST TRANSACTION
control field 20260227111443.0
008 - FIXED-LENGTH DATA ELEMENTS--GENERAL INFORMATION
fixed length control field 830714s1953 is 000 0 heb
010 ## - LIBRARY OF CONGRESS CONTROL NUMBER
LC control number he 67000223
035 ## - SYSTEM CONTROL NUMBER
System control number (OCoLC)19167582
040 ## - CATALOGING SOURCE
Original cataloging agency DLC
Transcribing agency MH
Modifying agency DLC
042 ## - AUTHENTICATION CODE
Authentication code premarc
050 00 - LIBRARY OF CONGRESS CALL NUMBER
Classification number PC839.E5
Item number A54
100 1# - MAIN ENTRY--PERSONAL NAME
Personal name Eminescu, Mihai,
Dates associated with a name 1850-1889.
245 10 - TITLE STATEMENT
Title Shirim /
Statement of responsibility, etc. tirgem me-Romenit Yehoshuaʻ Ṭan Pai.
260 ## - PUBLICATION, DISTRIBUTION, ETC.
Place of publication, distribution, etc. Jerusalem :
Name of publisher, distributor, etc. Aḥiʼasaf,
Date of publication, distribution, etc. [1953 or 1954]
300 ## - PHYSICAL DESCRIPTION
Extent 132 p. :
Other physical details ill., port. ;
Dimensions 21 cm.
500 ## - GENERAL NOTE
General note Added t.p.: Poezii.
700 2# - ADDED ENTRY--PERSONAL NAME
Personal name Ṭan Pai, Yehoshuʻa,
Dates associated with a name 1914-
Relator term tr.
752 ## - ADDED ENTRY--HIERARCHICAL PLACE NAME
Country or larger entity Israel
City Jerusalem

No items available.

Powered by Koha